| Tag |
First Indicator |
Second Indicator |
Subfields |
| LEADER |
00000cam a2200000Ka 4500 |
| 001 |
in00002483021 |
| 005 |
20211202190728.0 |
| 006 |
m d f |
| 008 |
090206s1989 dcu s f000 0 eng d |
| 035 |
|
|
|a (OCoLC)ocn301950964
|
| 037 |
|
|
|a N 89-28535
|b NASA
|
| 040 |
|
|
|a GPO
|c GPO
|d MvI
|d UtOrBLW
|
| 049 |
|
|
|a WWW
|
| 074 |
|
|
|a 0830-D (online)
|
| 086 |
0 |
|
|a NAS 1.15:102308
|
| 245 |
0 |
0 |
|a COLD-SAT :
|b Cryogenic On-Orbit Liquid Depot--Storage, Acquisition, Transfer.
|
| 246 |
3 |
|
|a Cryogenic On-Orbit Liquid Depot--Storage, Acquisition, Transfer
|
| 264 |
|
1 |
|a [Washington, D.C.] :
|b National Aeronautics and Space Administration,
|c [1989?]
|
| 300 |
|
|
|a 12 pages :
|b digital, PDF file.
|
| 336 |
|
|
|a text
|b txt
|2 rdacontent
|
| 337 |
|
|
|a computer
|b c
|2 rdamedia
|
| 338 |
|
|
|a unspecified
|b zu
|2 rdacarrier
|
| 490 |
1 |
|
|a NASA technical memorandum ;
|v 102308
|
| 538 |
|
|
|a Mode of access: Internet from the NTRS web site. Address as of 2/03/09: http://ntrs.nasa.gov/archive/nasa/casi.ntrs.nasa.gov/19890019164%5F1989019164.pdf ; current access is available via PURL.
|
| 500 |
|
|
|a Title from title screen (viewed Feb. 3, 2009).
|
| 500 |
|
|
|a Electronic resource.
|
| 650 |
|
7 |
|a Artificial satellites.
|2 nasat
|
| 650 |
|
7 |
|a Cryogenic fluid storage.
|2 nasat
|
| 650 |
|
7 |
|a Cryogenic rocket propellants.
|2 nasat
|
| 650 |
|
7 |
|a Fluid management.
|2 nasat
|
| 650 |
|
7 |
|a Microgravity.
|2 nasat
|
| 650 |
|
7 |
|a Propellant transfer.
|2 nasat
|
| 776 |
1 |
|
|t COLD-SAT. 1 v.
|w (OCoLC)301950342
|
| 710 |
1 |
|
|a United States.
|b National Aeronautics and Space Administration.
|
| 830 |
|
0 |
|a NASA technical memorandum ;
|v 102308.
|
| 856 |
4 |
0 |
|u https://purl.fdlp.gov/GPO/LPS108458
|t 0
|
| 999 |
|
|
|a MARS
|
| 999 |
f |
f |
|s fcbb4989-5727-3f0c-8b80-4959cc8b01ba
|i 3b81a5a5-6798-371a-9ec3-ff8fd0ceb676
|t 0
|
| 952 |
f |
f |
|a Texas A&M University
|b College Station
|c Electronic Resources
|d Available Online
|t 0
|e NAS 1.15:102308
|h Superintendent of Documents classification
|
| 998 |
f |
f |
|a NAS 1.15:102308
|t 0
|l Available Online
|